UBT Library

Foundations of financial management / (Record no. 39991)

000 -LEADER
fixed length control field 01121cam a22002897a 4500
001 - CONTROL NUMBER
control field 14429410
005 - DATE AND TIME OF LATEST TRANSACTION
control field 20180110072603.0
008 - FIXED-LENGTH DATA ELEMENTS--GENERAL INFORMATION
fixed length control field 060627s2008 mau b 001 0 eng
010 ## - LIBRARY OF CONGRESS CONTROL NUMBER
LC control number 2006046620
020 ## - INTERNATIONAL STANDARD BOOK NUMBER
International Standard Book Number 9780073337739 (value ed.)
020 ## - INTERNATIONAL STANDARD BOOK NUMBER
International Standard Book Number 0073337730 (value ed.)
020 ## - INTERNATIONAL STANDARD BOOK NUMBER
International Standard Book Number 9780073027203 (student ed : alk. paper)
020 ## - INTERNATIONAL STANDARD BOOK NUMBER
International Standard Book Number 0073027200 (student ed : alk. paper)
020 ## - INTERNATIONAL STANDARD BOOK NUMBER
International Standard Book Number 9780073257433 (AIE : alk. paper)
020 ## - INTERNATIONAL STANDARD BOOK NUMBER
International Standard Book Number 0073257435 (AIE : alk. paper)
040 ## - CATALOGING SOURCE
Original cataloging agency DLC
Transcribing agency DLC
Modifying agency DLC
041 ## - LANGUAGE CODE
Language code of text/sound track or separate title eng
080 ## - UNIVERSAL DECIMAL CLASSIFICATION NUMBER
Universal Decimal Classification number 658.15 BLO
082 00 - DEWEY DECIMAL CLASSIFICATION NUMBER
Classification number 658.15 BLO
Edition number 22
100 1# - Rafti
Rafti 55
101 ## - Shkurtesa
Shkurtesa MNGF
245 10 - TITLE STATEMENT
Title Foundations of financial management /
Statement of responsibility, etc Stanley B. Block, Geoffrey A. Hirt.
504 ## - BIBLIOGRAPHY, ETC. NOTE
Bibliography, etc Includes bibliographic references and index.
906 ## - LOCAL DATA ELEMENT F, LDF (RLIN)
a 7
b cbc
c orignew
d 1
e ocip
f 20
g y-gencatlg
942 ## - ADDED ENTRY ELEMENTS (KOHA)
Source of classification or shelving scheme
Item type Books
Holdings
Withdrawn status Lost status Source of classification or shelving scheme Damaged status Not for loan Collection code Permanent location Current location Shelving location Date acquired Total Checkouts Full call number Barcode Date last seen Price effective from Koha item type
          Koleksioni i përgjithshem UBT - Lipjan UBT - Lipjan Koleksioni i përgjithshem 01/10/2018   658.15 BLO 002-2995024 01/10/2018 01/10/2018 Books
UBT Library © 2015-2024. All rights reserved University Education for Business and Technology